Anticyklická fiskálna a rozpočtová politika

Kľúčový makroekonomický problém sociálno-trhovej ekonomiky - existencia konjunkturálneho cyklu, konjunkturálnych fáz a konjunkturálneho vlnenia. Štát svojou hospodárskou politikou, anticyklickou fiškálnou a rozpočtovou politikou, môže tento cyklus a pohyb makroekonomicky regulovať. Fiškálna politika...

Ausführliche Beschreibung

Gespeichert in:
Bibliographische Detailangaben
1. Verfasser: Mokrý, Vladimír
Format: Buchkapitel
Sprache:Slowakisch
Schlagworte:
Tags: Tag hinzufügen
Keine Tags, Fügen Sie das erste Tag hinzu!

MARC

LEADER 00000naa a2200000 4500
001 r024092
005 20221205085835.5
041 0 |a slo 
044 |a SK 
245 1 0 |a Anticyklická fiskálna a rozpočtová politika  |c Vladimír Mokrý 
520 |a Kľúčový makroekonomický problém sociálno-trhovej ekonomiky - existencia konjunkturálneho cyklu, konjunkturálnych fáz a konjunkturálneho vlnenia. Štát svojou hospodárskou politikou, anticyklickou fiškálnou a rozpočtovou politikou, môže tento cyklus a pohyb makroekonomicky regulovať. Fiškálna politika pri nevyrovnanom a vyrovnanom štátnom rozpočte. Kritika tejto teórie z teoretického, technologického, empiristického a prakticko-politického aspektu. 
610 2 0 |a konjunktúra 
610 2 0 |a cykly hospodárske 
610 2 0 |a politika fiškálna 
610 2 0 |a rozpočet štátny 
610 2 0 |a politika rozpočtová 
610 2 0 |a recesia 
610 2 0 |a dopyt 
610 2 0 |a likvidita 
610 2 0 |a výdavky rozpočtu štátneho 
610 2 0 |a príjmy rozpočtu štátneho 
100 1 |a Mokrý, Vladimír